| 000 | 00677nam a2200205 a 4500 | ||
|---|---|---|---|
| 001 | 000024275 | ||
| 005 | 20240517201238.0 | ||
| 008 | 110125s1972 xxu r 000 0 spa d | ||
| 040 |
_aDO-SdBNP _bspa _cBNPHU |
||
| 082 |
_a306.6 _bL864i |
||
| 100 | 1 |
_aLópez Muñoz, A. _949829 |
|
| 245 | 1 | 0 |
_aInfluencia social del cristianismo / _cA. López Muñoz ; prólogo M. Rodríguez Vivanco. |
| 260 |
_a[s.l.] : _bCasa Bautista de Publicaciones, _c1972. |
||
| 300 |
_a86 p. ; _c19 cm. |
||
| 650 | 4 |
_aReligión y sociología _97389 |
|
| 650 | 0 |
_aSociología cristiana _95839 |
|
| 650 | 4 |
_aSociología bíblica _949830 |
|
| 700 | 1 |
_aRodríguez Vivanco, M. _epról. _949831 |
|
| 049 | _abngr | ||
| 999 |
_c23769 _d23769 |
||